Score 0/23 Timer 20:00
0 Plays Today
% Correct
όχι
90.9%
το τσάι
81.8%
ναι
81.8%
το λεμόνι
72.7%
το μήλο
63.6%
το νερό
63.6%
Τρώω το μήλο
63.6%
Πίνω το νερό
63.6%
Τρώω τα μήλα
63.6%
το ψωμί
63.6%
Ναι, πίνω
63.6%
παρακαλώ
63.6%
% Correct
όχι, ευχαριστώ
63.6%
το αγόρι
63.6%
το κορίτσι
63.6%
Το αγόρι τρώει
63.6%
Το κορίτσι πίνει
63.6%
πίνω
54.5%
τα μήλα
54.5%
Ναι, τρώω
54.5%
ναι, παρακαλώ
54.5%
ευχαριστώ
54.5%
τρώω
45.5%
Remove Ads.
Support Sporcle.
Get the best of Sporcle when you Go Orange. This ad-free experience offers more features, more stats, and more fun while also helping to support Sporcle. Thank you for becoming a member.

You're not logged in!

Compare scores with friends on all Sporcle quizzes.
OR
Log In

Sporcle TV

Today on Sporcle TV


Watch our educational content, quiz creation guides, and fun videos on Sporcle TV.

Show Comments

Extras

Top Quizzes Today


Score Distribution

Paid Content

Your Account Isn't Verified!

In order to create a playlist on Sporcle, you need to verify the email address you used during registration. Go to your Sporcle Settings to finish the process.

Report this User

Report this user for behavior that violates our Community Guidelines.

Details: